| 000 | 01013nas a2200301 4500 | ||
|---|---|---|---|
| 001 | BR2015005729 | ||
| 003 | BR-BrBNA | ||
| 005 | 20231205125803.0 | ||
| 007 | ta | ||
| 008 | 230509b bl.|||p| |||| 00| 00por d | ||
| 040 |
_aBR-BrBNA _bpor _cBiblioteca Nacional de Agricultura |
||
| 041 | _a(Pt) | ||
| 072 | _aN10; L20 | ||
| 100 | 1 | _aFerrari, D.L. | |
| 100 | 1 | _aLeal, P.A.M. | |
| 245 | 1 | _aUso de tela termorrefletora em ambientes protegidos para cultivo do tomateiro | |
| 246 | 1 | _aUse of thermoreflective screens on greenhouses for tomato production | |
| 650 | _aTOMATE | ||
| 650 | _aPRODUCAO AGRICOLA | ||
| 650 | _aINSTALACAO AGRICOLA | ||
| 650 | _aCULTIVO PROTEGIDO | ||
| 650 | _aCONTROLE AMBIENTAL | ||
| 650 | _aTERMORREGULACAO | ||
| 773 | 0 |
_tEngenharia Agrícola (Brazil) _xISSN 1809-4430 _g(Mar-Apr 2015), v. 35(2) p. 180-191 _wBR2015005729 |
|
| 856 | 4 | 0 | _uhttp://www.scielo.br/pdf/eagri/v35n2/1809-4430-eagri-35-2-0180.pdf |
| 909 |
_a202311 _bLúcia _c55 _dLúcia Elande |
||
| 942 |
_2AGRIS _n0 _cANA |
||
| 999 |
_c246135 _d246135 |
||